000 00905nam a22001937a 4500
999 _c167722
_d167722
005 20190917150707.0
010 _aB-168869
020 _c125.00
_a
037 _bहिमाचल बुक्स
082 _a613
_22005
100 _aशर्मा, कर्मचन्द
245 1 _aजरूरत है सही देखभाल की /
_cकर्मचन्द शर्मा
_hहिंदी
260 _aदिल्ली
_bहिमाचल बुक्स
_c2005
270 _aई 1/267,सोनिया विहार,
_bदिल्ली
_e110094
_k
300 _a100पृ.:
_c22सेमी (सजिल्द)
_bसचित्र
700 _a
_948488
942 _cHN
_k
_2ddc
_h613
_mशर्माक